Entrevista con unos refugiados sobre El Salvador, Guatemala y Nicaragua
Spremljeno u:
| Format: | Knjiga |
|---|---|
| Jezik: | Spanish |
| Oznake: |
Dodaj oznaku
Bez oznaka, Budi prvi tko označuje ovaj zapis!
|
MARC
| LEADER | 00000nam a22000007a 4500 | ||
|---|---|---|---|
| 003 | cru CIDCACS/IIS | ||
| 005 | 20190227110820.0 | ||
| 007 | ta | ||
| 008 | 190222s1982 cr |||||r||||||0| ||spa|d | ||
| 999 | |c 42205 |d 42205 | ||
| 040 | |c cru CIDCACS/IIS | ||
| 245 | 0 | |a Entrevista con unos refugiados sobre El Salvador, Guatemala y Nicaragua | |
| 300 | |a páginas 14-18 | ||
| 773 | 0 | |0 42204 |9 2689 |a Comisión Centroamericana de Derechos Humanos (Costa Rica) |d San José, Costa Rica: Comisión Centroamericana de Derechos Humanos |o 17799 |t Denuncia y Solidaridad/ | |
| 942 | |2 ddc |c PP | ||
